00341nam a2200133Ia 4500008004100000082001600041100001500057245004900072250000800121260002800129300001200157500002400169650001400193230524s9999 xx 000 0 und d a658.43bRAJ aR.K.Rajput 0aMaterial Science and Engineering (S I Units) a2ND aNEW DELHIbKatsonc2008 aXII;102 aQuantity Number: 1 aChemistry